Avances de Investigación 1976 (9). Desarrollo histórico de las observaciones sismológicas, con referencia especial a los movimientos sísmicos centroamericanos/
Guardat en:
| Autor principal: | |
|---|---|
| Format: | Document de govern Llibre |
| Idioma: | Spanish |
| Matèries: | |
| Etiquetes: |
Afegir etiqueta
Sense etiquetes, Sigues el primer a etiquetar aquest registre!
|
MARC
| LEADER | 00000nam a22000007a 4500 | ||
|---|---|---|---|
| 003 | cru IIS | ||
| 005 | 20220704094324.0 | ||
| 007 | ta | ||
| 008 | 220523s1990 cr |||p|r|||| 00| 0 spa d | ||
| 040 | |c cru IIS | ||
| 086 | |a REV0053 (9) 1976 | ||
| 100 | 1 | |9 10497 |a Miyamura, Setumi |e Autor | |
| 245 | 1 | |a Avances de Investigación 1976 (9). |b Desarrollo histórico de las observaciones sismológicas, con referencia especial a los movimientos sísmicos centroamericanos/ |c Setumi Miyamura | |
| 300 | |a 28 páginas | ||
| 500 | |a Colección Centroamérica | ||
| 505 | |a 1. Introducción/ Setumi Miyamura (páginas 1-3) 2. El ISS y la observación sismológica / Setumi Miyamura (páginas 4-6) 3. La magnitud y el catalogo Gutemberg -Richter / Setumi Miyamura (páginas 7-8) 4. Otros catálogos de magnitudes /Setumi Miyamura (páginas 9-10) 5. Tendencias historicas del registro del ISS y de los catalogos de magnitudes de Gutemberg y Richter (1954) y Rothe (1969) para los temblores centroamericanos /Setumi Miyamura (páginas 10-11) 6. Número de informes de llegada de P en el ISS y su tendencia histórica / Setumi Miyamura (páginas 12-17) 7. Relación entre Np y las magnitudes y su tendencia histórica / Setumi Miyamura (páginas 18-20) 8. Referencias bibliográficas (páginas 21-24) | ||
| 650 | 0 | |9 2212 |a SISMOLOGIA | |
| 650 | 0 | |9 136 |a HISTORIA | |
| 650 | 0 | |9 136 |a HISTORIA | |
| 651 | 0 | |9 308 |a CENTROAMERICA | |
| 773 | 0 | |0 19073 |9 7484 |a Universidad de Costa Rica. |d San José, Costa Rica UCR. FCS. IIS |o 22643 |t Avances de Investigación/ | |
| 942 | |2 ddc |c PP | ||
| 999 | |c 44343 |d 44343 | ||
